000 00699nam a2200217 i 4500
001 20132
003 ES-MaACL
007 t|
008 021107s1983 sp ||||1| spa d
020 _a84-500-8447-4
245 0 3 _aEl agua en Madrid /
_cedicion a cargo de Miguel Aguilo.
260 _aMadrid :
_bDiputación, Area de Urbanismo y Ordenación Territorial,
_c[1983]
300 _a250 p. :
_bil. ;
_c21 cm.
490 1 _aEstudios e investigaciones ;
_v1
500 _aApendice legislativo: p. 225-244.
504 _aBibliografia: p. 245-250.
700 1 _aAguiló, Miguel.
_918791
830 0 _aEstudios e investigaciones ;
_v1
_9182319
852 _aES-MaACL
_jL-9121
999 _c20132
_d20132